Schaum's outline of theory and porblems of statistics (Record no. 7820)

000 -LEADER
fixed length control field 00583nam a22002177a 4500
001 - CONTROL NUMBER
control field 7820
003 - CONTROL NUMBER IDENTIFIER
control field BD-DhUET
008 - FIXED-LENGTH DATA ELEMENTS--GENERAL INFORMATION
fixed length control field 141213b xxu||||| |||| 00| 0 eng d
020 ## - INTERNATIONAL STANDARD BOOK NUMBER
International Standard Book Number 070602271
020 ## - INTERNATIONAL STANDARD BOOK NUMBER
International Standard Book Number 0070990085
040 ## - CATALOGING SOURCE
Transcribing agency 0
Modifying agency BD-DhUET
082 ## - DEWEY DECIMAL CLASSIFICATION NUMBER
Classification number 519.9
Item number SPI/1961
100 ## - MAIN ENTRY--PERSONAL NAME
Personal name Spiegel, Murray R.
245 ## - TITLE STATEMENT
Title Schaum's outline of theory and porblems of statistics
Statement of responsibility, etc. in SI units
250 ## - EDITION STATEMENT
Edition statement 1st ed.
260 ## - PUBLICATION, DISTRIBUTION, ETC. (IMPRINT)
Place of publication, distribution, etc. New York
Name of publisher, distributor, etc. McGraw-Hill
Date of publication, distribution, etc. 1961
300 ## - PHYSICAL DESCRIPTION
Extent vii, 359p.
Other physical details ill.
Dimensions 35 cm.
490 ## - SERIES STATEMENT
Series statement Schau's outline series
650 #0 - SUBJECT ADDED ENTRY--TOPICAL TERM
Topical term or geographic name as entry element Statistical mathematics
942 ## - ADDED ENTRY ELEMENTS (KOHA)
Koha item type General Book
Holdings
Koha item type Koha normalized classification for sorting Price effective from Damaged status Date acquired Location (home branch) Copy number Shelving location Piece designation (barcode) Koha date last seen Lost status Withdrawn status Not for loan Sublocation or collection (holding branch) Source of classification or shelving scheme Koha full call number
General Book519_900000000000000_SPI_19612014-12-13 2014-12-13Central Library, BUET1Circulation section318352014-12-13   Central Library, BUET 519.9/SPI/1961
General Book519_900000000000000_SPI_19612014-12-13 2014-12-13Central Library, BUET2Circulation section318552014-12-13   Central Library, BUET 519.9/SPI/1961
General Book519_900000000000000_SPI_19612014-12-13 2014-12-13Central Library, BUET3Circulation section318422014-12-13   Central Library, BUET 519.9/SPI/1961
General Book519_900000000000000_SPI_19612014-12-13 2014-12-13Central Library, BUET4Circulation section318242014-12-13   Central Library, BUET 519.9/SPI/1961
General Book519_900000000000000_SPI_19612014-12-13 2014-12-13Central Library, BUET5Circulation section318142014-12-13   Central Library, BUET 519.9/SPI/1961
General Book519_900000000000000_SPI_19612014-12-13 2014-12-13Central Library, BUET6Circulation section318412014-12-13   Central Library, BUET 519.9/SPI/1961
General Book519_900000000000000_SPI_19612014-12-13 2014-12-13Central Library, BUET7Circulation section318182014-12-13   Central Library, BUET 519.9/SPI/1961
General Book519_900000000000000_SPI_19612014-12-13 2014-12-13Central Library, BUET8Circulation section318612014-12-13   Central Library, BUET 519.9/SPI/1961
General Book519_900000000000000_SPI_19612014-12-13 2014-12-13Central Library, BUET9Circulation section318232014-12-13   Central Library, BUET 519.9/SPI/1961
General Book519_900000000000000_SPI_19612014-12-13 2014-12-13Central Library, BUET10Circulation section318622014-12-13   Central Library, BUET 519.9/SPI/1961
General Book519_900000000000000_SPI_19612014-12-13 2014-12-13Central Library, BUET11Circulation section318562014-12-13   Central Library, BUET 519.9/SPI/1961
Reading Item519_900000000000000_SPI_19612015-07-09 2015-07-09Central Library, BUET12Reading section313872015-07-09   Central Library, BUET 519.9/SPI/1961